Les plus grandes agglomérations du Danemark - Statistiques

Statistiques générales
  • Ce quiz a été pris 49 fois
  • Le résultat moyen est 5 sur 9
Statistiques - réponses
Place Habitants Nom % Correct
1. 1 330 993 Agglomération de Copenhague
100%
2. 280 534 Agglomération de Århus
84%
4. 117 351 Agglomération de Ålborg
79%
3. 180 302 Agglomération de Odense
74%
5. 72 037 Agglomération de Esbjerg
30%
7. 61 121 Agglomération de Kolding
28%
9. 57 655 Agglomération de Vejle
28%
8. 59 449 Agglomération de Horsens
19%
6. 62 482 Agglomération de Randers
19%
Aucun quiz correspondant
Distribution des résultats
% des personnes avec chaque résultat
Percentile par nombre de réponses
Votre historique - résultats
Vous n’avez pas pris ce quiz